| 000 | 00535nam a2200193Ia 4500 | ||
|---|---|---|---|
| 005 | 20250813092819.0 | ||
| 008 | 191130s2008##################000#0#eng## | ||
| 020 |
_a9780755329144 _qpbk |
||
| 041 | _aeng | ||
| 082 | _a823.914 JAR | ||
| 100 | _aJardine, Quintin | ||
| 245 |
_aAftershock _cQuintin Jardine |
||
| 250 | _a1st ed | ||
| 260 |
_aLondon _bHeadline _c2008 |
||
| 300 | _a537 p. ; 18 cm | ||
| 650 | _aPolice - Scotland - Edinburgh - Fiction | ||
| 650 | _aSkinner, Bob (Fictitious character) -- Fiction | ||
| 942 | _cENGLISH | ||
| 999 |
_c364531 _d364531 |
||